Tougher floods guidance (Record no. 66082)

MARC details
000 -LEADER
fixed length control field 01110cam a2200241 4500
001 - CONTROL NUMBER
control field WB3706-26
008 - FIXED-LENGTH DATA ELEMENTS--GENERAL INFORMATION
fixed length control field 000000n2001 000 0 eng u
035 ## - SYSTEM CONTROL NUMBER
System control number (Sirsi) u110847
245 ## - TITLE STATEMENT
Title Tougher floods guidance
260 ## - PUBLICATION, DISTRIBUTION, ETC.
Date of publication, distribution, etc. 2001
490 ## - SERIES STATEMENT
Series statement DETR Press Release
Volume/sequential designation (057) 6 February 2001, (3)
520 ## - SUMMARY, ETC.
Summary, etc. Government publishes a revised draft of PPG25, "Development and flood risk", for consultation. The original draft from April 2000 is updated in response to consultation responses and further flooding. The new draft has a stronger risk-based focus with the introduction of a sequential test for authorities and developers. The consultation document is available at: http://www.planning.detr.gov.uk/ppg/index.htm and will be open for the next four weeks with final publication likely in the Spring.
590 ## - LOCAL NOTE (RLIN)
Local note WB
650 ## - SUBJECT ADDED ENTRY--TOPICAL TERM
Topical term or geographic name entry element PPG25
650 ## - SUBJECT ADDED ENTRY--TOPICAL TERM
Topical term or geographic name entry element PLANNING POLICY
650 ## - SUBJECT ADDED ENTRY--TOPICAL TERM
Topical term or geographic name entry element FLOOD RISK
650 ## - SUBJECT ADDED ENTRY--TOPICAL TERM
Topical term or geographic name entry element RISK ASSESSMENT
650 ## - SUBJECT ADDED ENTRY--TOPICAL TERM
Topical term or geographic name entry element FLOOD PLAINS
650 ## - SUBJECT ADDED ENTRY--TOPICAL TERM
Topical term or geographic name entry element FLOODING
650 ## - SUBJECT ADDED ENTRY--TOPICAL TERM
Topical term or geographic name entry element DEVELOPERS
690 ## - LOCAL SUBJECT ADDED ENTRY--TOPICAL TERM (OCLC, RLIN)
Topical term or geographic name as entry element ENVIRONMENTAL AND LAND CONSULTANCY-PLANNING AND DEVELOPMENT
942 ## - ADDED ENTRY ELEMENTS (KOHA)
Suppress in OPAC 0
Holdings
Withdrawn status Lost status Source of classification or shelving scheme Damaged status Not for loan Home library Current library Shelving location Date acquired Total Checkouts Full call number Barcode Date last seen Copy number Price effective from Koha item type
    Dewey Decimal Classification     London London News article 08/02/2001   WB3706-26 110847-1001 06/08/2019 1 06/08/2019 News article